Top 10 Hip Hop Artists - Statistics

General Stats
  • This quiz has been taken 41 times
  • The average score is 7 of 10
Answer Stats
Hint Answer % Correct
1 2pac
95%
2 Notorious B.I.G.
92%
5 Jay-Z
84%
3 Eminem
82%
9 Drake
79%
7 Kendrick Lamar
74%
10 Dr. Dre
66%
6 Kanye West
66%
4 Nas
55%
8 Ice Cube
47%
No matching quizzes found
Score Distribution
Percent of People with Each Score
Percentile by Number Answered
Your Score History
You have not taken this quiz